000 00773nam a2200253Ia 4500
003 OSt
005 20220930075042.0
006 a|||||r|||| 00| 0
007 ta
008 220926b |||||||| |||| 00| 0 eng d
024 _a76819
037 _cTheses
040 _aCRL
_cCRL
_beng
041 _2eng
_aeng
100 _aVarma Ruchi
_9535398
110 _aUniversity of Delhi. Faculty of Arts. Department of Psychology
_9169788
245 0 _aRole of relaxation techniques and cognitive therapy in cancer
260 _c2002
650 _aPSYCHOLOGY
700 _a Dr Aruna Broota Gu.
_9535399
700 _aUniversity of Delhi. Faculty of Arts. Department of Psychology
_9169789
942 _cDIS
_2CC
999 _c867524
_d867524